[Event "BCF-chT4 0304 (4NCL)"]
[Site "West Bromwich "]
[Date "2004.06.20"]
[Round "11.3"]
[White "Graham, Nick"]
[Black "Ludbrook, Matthew"]
[Result "1-0"]
[WhiteElo "1840"]
[BlackElo "1816"]
[PlyCount "75"]
[EventDate "2003.10.??"]
[EventType "team"]
[EventRounds "11"]
[EventCountry "ENG"]
[SourceTitle "EXT 2005"]
[Source "ChessBase"]
[SourceDate "2004.11.15"]
[SourceVersion "1"]
[SourceVersionDate "2004.11.15"]
[SourceQuality "1"]
[WhiteTeam "The ADS III"]
[BlackTeam "Oxford II"]
[WhiteTeamCountry "ENG"]
[BlackTeamCountry "ENG"]

1. d4 Nf6 2. Nf3 g6 3. Nc3 Bg7 4. e4 d6 5. Be3 0-0 6. Qd2 c6 7. h3 b5 8. a3 a6 9. Be2 Qc7 10. 0-0 Bb7 11. Bh6 Nbd7 12. Bxg7 Kxg7 13. Qg5 h6 14. Qg3 c5 15. e5 dxe5 16. dxe5 Ne4 17. Nxe4 Bxe4 18. c3 Rad8 19. Rfe1 Bd5 20. a4 Qb6 21. axb5 axb5 22. Nh4 c4 23. Rad1 Nc5 24. Nf5+ Kh7 25. Nxe7 Ne4 26. Qf4 Bb7 27. Rxd8 Qxd8 28. Bf3 Qxe7 29. Bxe4 Bxe4 30. Qxe4 Qc5 31. h4 Re8 32. h5 Re6 33. Re3 Kg7 34. hxg6 Rxg6 35. Kf1 b4 36. cxb4 Qxb4 37. Qd4 Re6 38. f4 1-0